| 000 | 01436cab a22002535a 4500 | ||
|---|---|---|---|
| 001 | L147790 | ||
| 008 | 090617e20090613xxk g 000 0 eng d | ||
| 035 | _a(Sirsi) u147790 | ||
| 041 | 0 | _aeng | |
| 100 | 1 | _aEdwards, Chris | |
| 245 | 0 | 2 | _aA beacon of good management practice |
| 260 | _c2009 | ||
| 490 |
_aEstates Gazette _v(0923) 13 June 2009, 86-87(2) |
||
| 520 | _aAddresses some of the findings and issues raised in the "Paradox of Service Charges" (L146764) (known as Loughborough Report 2008) and sets out the action that is being taken by RICS and its steering group to improve management standards. Assesses how the industry has as responded to the RICS "Service Charges in Commercial Property: Code of Practice" (L133990), which came into force in April 2007. RICS's response includes publication of two information papers "Sinking funds, reserve funds and depreciation charges"(L146895) and "Service charges and tenant alterations"(L146898). | ||
| 590 | _aKA | ||
| 650 | 2 | 4 | _aSERVICE CHARGE STUDY UPDATE 2008 |
| 650 | 2 | 4 | _aLOUGHBOROUGH REPORT |
| 650 | 2 | 4 | _aRICS SERVICE CHARGES IN COMMERCIAL PROPERTY CODE OF PRACTICE |
| 650 | 2 | 4 | _aSINKING FUNDS RESERVE FUNDS AND DEPRECIATION CHARGES |
| 650 | 2 | 4 | _aSERVICE CHARGES AND TENANT ALTERATIONS |
| 651 | 4 |
_aUnited Kingdom _y |
|
| 690 | _aPROPERTY-COMMERCIAL PROPETY-LEASEHOLD COMMERCIAL PROPERTY-COMMERCIAL LANDLORD AND TENANT-COMMERCIAL SERVICE CHARGES | ||
| 942 | _n0 | ||
| 999 |
_c81643 _d81643 |
||